000 00937nam a2200205 a 4500
001 54756
005 20180714045748.0
008 140415s1985 sp 000 0 spa d
020 _a8422012103
041 _aspa
082 _a128
_bCRU
100 1 _aCRUZ HERNANDEZ, MIGUEL
245 1 0 _aHOMBRE Y ROBOT
250 _a1a ed.
260 _aESPAÑA :
_bBIBLIOTECA DE AUTORES CRISTIANOS DE EDICA,
_c1985
300 _a135
_c12 x 0.4 x 18.4
490 _aCOLECCION PARA EDUCADORES
520 _aEL DESARROLLO DE LA INDUSTRIA Y DE LOS DIVERSOS SECTORES RELACIONADOS CON ELLA-HASTA LAS MAS MODERNAS TECNOLOGIAS DE LA ELECTRONICA, ESPECIALMENTE EN EL TERRENO DE LA MINIATURIZACION, DE LA INFORMATICA, DE LA TELEMATICA Y OTROS- INDICA EL PAPEL DE PRIMERISIMA IMPORTANCIA QUE ADQUIERE, EN LA INTERACCION ENTRE EL SUJETO Y OBJETO DEL TRABAJO ( EN EL SENTIDO MAS AMPLIO DE ESTA PALABRA)
650 1 4 _aANTROPOLOGIA FILOSOFICA
999 _c54756
_d54756